000 00289nam a22001337a 4500
008 170720b xxu||||| |||| 00| 0 eng d
020 _a3446153411
041 _aeng
080 _a004
100 _a28
101 _aSHKI
245 _aCOMPUTER-SCHNITTSTELLEN
_cPREUB, L
942 _2udc
_cBK
999 _c21677
_d21677